logo

Bir Sreshtho Munshi Abdur Rouf Library
Jhenaidah Cadet College

মেটাজোয়ানস / (Record no. 7677)

MARC details
000 -LEADER
fixed length control field 00710nam a22002177a 4500
003 - CONTROL NUMBER IDENTIFIER
JCCL marc code BD-JhCC
005 - DATE AND TIME OF LATEST TRANSACTION
control field 20181002173719.0
008 - FIXED-LENGTH DATA ELEMENTS--GENERAL INFORMATION
fixed length control field 180213b1993 bg ||||| |||| 00| 0 bg d
035 ## - SYSTEM CONTROL NUMBER
system control number (BD-JhCC)
040 ## - CATALOGING SOURCE
Original cataloging agency BD-JhCC
Modifying agency BD-JhCC
041 ## - LANGUAGE CODE
Language code of Book bg
082 ## - DEWEY DECIMAL CLASSIFICATION NUMBER
Classification number 593
Author mark and Year MUT 1993
100 ## - MAIN ENTRY--PERSONAL NAME
Personal name মুত্তালিব, এস এ
245 ## - TITLE STATEMENT
Title মেটাজোয়ানস /
Statement of responsibility, etc এস এ মুত্তালিব এবং কে. এম. আওরঙ্গজেব
260 ## - PUBLICATION, DISTRIBUTION, ETC. (IMPRINT)
Place of publication, distribution, etc ঢাকা :
Name of publisher, distributor, etc বাংলা একাডেমী,
Date of publication, distribution, etc 1993
300 ## - PHYSICAL DESCRIPTION
Pagination 362 p. :
Dimensions 22 cm.
650 ## - SUBJECT ADDED ENTRY--TOPICAL TERM
Topical term or geographic name as entry element Metazoans
700 ## - ADDED ENTRY--PERSONAL NAME
Personal name আওরঙ্গজেব, কে. এম.
942 ## - ADDED ENTRY ELEMENTS (KOHA)
Source of classification or shelving scheme Dewey Decimal Classification
Koha item type Books
Holdings
Source of classification or shelving scheme Damaged status Not for loan Home library Current library Shelving location Date of accession Cost, normal purchase price Total Checkouts Full call number Barcode Date last seen Copy number Koha item type
Dewey Decimal Classification     JCC Rouf Library JCC Rouf Library General Stacks 02/13/2018 175.00   593 MUT 1993 10234 02/13/2018 C-1 Books

JCC Library | Contacts | JCC Home

Last Update on 23 September 2017
Copyright @ 2017-2020 JCC Rouf Library
Rouf Library, Jhenidah Cadet College (JCC), Bangladesh